¿Para qué la Inquisición? (Record no. 155933)
[ view plain ]
| 000 -LEADER | |
|---|---|
| campo de control de longitud fija | 00980nam a2200193 i 4500 |
| 001 - NÚMERO DE CONTROL | |
| campo de control | 155933 |
| 003 - IDENTIFICADOR DE NÚMERO DE CONTROL | |
| campo de control | ES-MaACL |
| 005 - FECHA Y HORA DE LA ÚLTIMA TRANSACCIÓN | |
| campo de control | 20230906210245.0 |
| 008 - DATOS DE LONGITUD FIJA--INFORMACIÓN GENERAL | |
| campo de control de longitud fija | 040726s1811 sp |||| | spa d |
| 245 01 - MENCIÓN DEL TÍTULO | |
| Título | ¿Para qué la Inquisición? |
| Resto del título | : La Inquisición es un tribunal injusto, que pone trabas al ingenio, priva al hombre de la libertad que es su más rico patrimonio, y le prohíbe la lectura de tantos bellos libros como han salido en estos tiempos ... Así se explican los impíos... |
| 260 ## - PUBLICACIÓN, DISTRIBUCIÓN, ETC. | |
| Lugar de publicación, distribución, etc. | En Valencia : |
| Nombre del editor, distribuidor, etc. | [s.n.], |
| Fecha de publicación, distribución, etc. | 1811 ( |
| Fabricante | en la Imprenta de Salvador Faulí) |
| 300 ## - DESCRIPCIÓN FÍSICA | |
| Extensión | 12 p. ; |
| Dimensiones | 19 cm. |
| 530 ## - NOTA DISPONIBLE DE FORMULARIO FÍSICO ADICIONAL | |
| Nota de formato físico adicional disponible | Disponible en formato digital. |
| 594 ## - Nota al título y mención de responsabilidad | |
| Nota al título y mención de responsabilidad | Tít. tomado de comienzo de texto. |
| 650 04 - PUNTO DE ACCESO ADICIONAL DE MATERIA--TÉRMINO DE MATERIA | |
| Término de materia o nombre geográfico como elemento de entrada | Inquisición- |
| Subdivisión geográfica | España- |
| Subdivisión cronológica | S.XIX. |
| 9 (RLIN) | 13800 |
| 700 1# - ENTRADA AGREGADA--NOMBRE PERSONAL | |
| Nombre de persona | Faulí, Salvador. |
| 9 (RLIN) | 127019 |
| 852 ## - LOCALIZACIÓN | |
| Ubicación | ES-MaACL |
| Número de control de estantería | R-3098(9) |
| Encuadernación | Olim:D-621 |
| -- | |
| Nota libre | - Enc. hol. |
| -- | . - Sello de la Biblioteca de Salvador J. Trillo |
| 856 ## - LOCALIZACIÓN Y ACCESO ELECTRÓNICOS | |
| Identificador Uniforme de Recursos | <a href="http://roderic.uv.es/handle/10550/41542 ">http://roderic.uv.es/handle/10550/41542 </a> |
| Nota pública | RODERIC |
| Estatus retirado | Estado de pérdida | Estado de daño | No para préstamo | Colección | Biblioteca de origen | Biblioteca actual | Ubicación en estantería | Fecha de adquisición | Total de préstamos | Signatura topográfica completa | Código de barras | Visto por última vez | Precio de reemplazo | Tipo de ítem Koha |
|---|---|---|---|---|---|---|---|---|---|---|---|---|---|---|
| Colección digital | Biblioteca del Ateneo de Madrid | Biblioteca del Ateneo de Madrid | Depósito | 17/01/2008 | R-3098(9) | 1163131 | 23/02/2023 | 23/02/2023 | Libro impreso antiguo |
